000
00256nam a22001097a 4500
082
_a
670.42 MUD'L
100
_a
MUDGE, I. W
_9
57251
245
_a
LABORATORY EXPERIMENTS IN WORKSHOP TECHNOLOGY
260
_a
LONDON
_b
EUP
_c
1962
300
_a
94P
942
_c
BK
999
_c
567543
_d
567543